| 000 | 00449nam a2200145Ia 4500 | ||
|---|---|---|---|
| 005 | 20250214013223.0 | ||
| 008 | 240331s9999 xx 000 0 und d | ||
| 082 |
_bMAH _a954 |
||
| 100 | _aGeiger, W. tr. | ||
| 245 | 4 | _aThe mahavamsa or the great chronicle of Ceylon | |
| 260 |
_aNew Delhi _bAsian Educational Services _c1986 |
||
| 300 | _alxiii, 300 p ., | ||
| 500 | _aMahavamsa and the development of the historical tradition in Ceylon. | ||
| 942 | _cL | ||
| 999 |
_c3484 _d3484 |
||